INDIA WHAT CAN IT TEACH US? (Record no. 28983)

MARC details
000 -LEADER
fixed length control field 00281nam a22001337a 4500
003 - CONTROL NUMBER IDENTIFIER
control field SGT
020 ## - INTERNATIONAL STANDARD BOOK NUMBER
International Standard Book Number 0141004371
082 ## - DEWEY DECIMAL CLASSIFICATION NUMBER
Classification number 820
Item number I2000M
100 ## - MAIN ENTRY--PERSONAL NAME
Personal name MULLER, F. MAX
245 ## - TITLE STATEMENT
Title INDIA WHAT CAN IT TEACH US?
260 ## - PUBLICATION, DISTRIBUTION, ETC. (IMPRINT)
Name of publisher, distributor, etc PENGUIN BBOKS
Year of Publication 2000
300 ## - PAGE DESCRIPTION
No. of Pages 281
942 ## - ADDED ENTRY ELEMENTS (KOHA)
Koha item type Books
Source of classification or shelving scheme Dewey Decimal Classification
Holdings
Withdrawn status Lost status Source of classification or shelving scheme Damaged status Not for loan Home library Current library Shelving location Date acquired Cost, normal purchase price SGTU Total Checkouts Full call number Accession No. (Barcode) Date last seen Bill Date Koha item type
    Dewey Decimal Classification   Not For Loan SGT Chancellor's Library SGT Chancellor's Library Reference Book 15/01/2025 295.00 SGTU   820 I2000M CH1794 15/01/2025 15/01/2025 Books